004740000a2200133000450024501680000065000320016865000280020065000120022865000150024065100240025504100140027910000200029377300270031310aInforme del estudio de la vegetación de la zona de Salahonda para evaluación del impacto ecológico que puede causar el dragado del estereo de la navegación14aInventarios de vegetación14aDisturbios antrópicos14aEsteros14aEcología 4lSalahondapColombia0 aEspañol1 aCabrera, Isidro1 tTesis3103q1-43d1986